000 00767nam a2200229Ia 4500
005 20250108124837.0
008 008 250107s9999 xx 000 0 hin d
020 _a978-93-81620-68-7
037 _aTB
040 _aCRL
_bhin
_cCRL
041 _ahin
_2hin
084 _aO152,1x Q1
084 _qCRL
100 _aचौधरी, अमिताभ, ले.
245 0 _aअर्थात्
_cचौधरी, अमिताभ, ले.
260 _aनई दिल्ली, भारत
_bवाणी प्रकाशन
_c2407
300 _a211पृ0
365 _aINR
_b160
650 _aहिन्दी कविताहिन्दी साहित्य
_9729733
942 _cTB
_hO152,1x Q1
999 _c1234795
_d1234795